000
00337 a2200157 4500
001
152377
040
_c
Escola São Tomás de Aquino
100
_a
CAMPOS, Paulo Mendes
240
1
0
_a
Crônicas 2
_l
por
245
1
0
_a
Crônicas 2
300
_a
80
362
0
_a
2010
440
1
_a
Ática
697
_a
*LITERATURA JUVENIL
942
_c
BK
999
_c
152377
_d
152377